Catalog

Record Details

Catalog Search



Dějiny lidstva od pravěku k dnešku / 1. díl Světla východu a Hellady Cover Image Book Book

Dějiny lidstva od pravěku k dnešku / Hlavní redaktor: Josef Šusta 1. díl Světla východu a Hellady

Šusta, Josef (Author).

Record details

  • Physical Description: 701 s.
  • Publisher: Praha Melantrich 1940

Available copies

  • 1 of 1 copy available at Common Catalog SPOK.

Holds

  • 0 current holds with 1 total copy.
Show All Copies
Location Call Number / Copy Notes Barcode Shelving Location Status Due Date
ETS Library 909 424470008552 Volný výběr Available -

LDR 00690nam a2 00229
00134961
003CZ-PrJAB
00520040317000000.0
008001218s1940 xr e |||| |cze
009cz
035 . ‡a(CONS)1946
035 . ‡aKPS7837
040 . ‡aABG450
041 . ‡acze
08214. ‡a909
100 . ‡7553 ‡aŠusta, Josef
245 . ‡aDějiny lidstva od pravěku k dnešku / ‡cHlavní redaktor: Josef Šusta ‡n1. díl ‡pSvětla východu a Hellady
260 . ‡aPraha ‡bMelantrich ‡c1940
300 . ‡a701 s.
653 . ‡aDějiny lidstva od pravěku k dnešku ‡aSvětla východu a Hellady
8524 . ‡bETS ‡bETS ‡cVolný výběr ‡j909 ‡gP ‡p424470008552 ‡xreference
910 . ‡aABG450
999 . ‡a1946 ‡bAUTOGEN ‡c1946 ‡tbiblio
905 . ‡uadmin
901 . ‡a34961 ‡b ‡c34961 ‡tbiblio ‡sets

Additional Resources